Phương pháp dạy học văn T.1

Uloženo v:
Podrobná bibliografie
Hlavní autor: Phan, Trọng Luận
Médium: Kniha
Jazyk:Undetermined
Vydáno: H. ĐHSP 2007
Témata:
On-line přístup:http://lrc.tdmu.edu.vn/opac/search/detail.asp?aID=2&ID=7065
Tagy: Přidat tag
Žádné tagy, Buďte první, kdo otaguje tento záznam!
Thư viện lưu trữ: Trung tâm Học liệu Trường Đại học Thủ Dầu Một
LEADER 00598nam a2200205Ia 4500
001 TDMU_7065
008 210410s9999 xx 000 0 und d
082 |a 807 
090 |b PH105 
100 |a Phan, Trọng Luận 
245 0 |a Phương pháp dạy học văn 
245 0 |c Phan Trọng Luận 
245 0 |n T.1 
260 |a H. 
260 |b ĐHSP 
260 |c 2007 
300 |a 471tr 
650 |a Phương pháp giảng dạy; Văn 
856 |u http://lrc.tdmu.edu.vn/opac/search/detail.asp?aID=2&ID=7065 
980 |a Trung tâm Học liệu Trường Đại học Thủ Dầu Một